Amphisbaenian Species - Statistics

General Stats
  • This quiz has been taken 23 times
    21 since last reset
  • The average score is 39 of 116
Answer Stats
Family Genus Species Common name % Correct
Amphisbaenidae Amphisbaena Alba Red worm lizard
89%
Amphisbaenidae Amphisbaena Brasiliana Brazilian worm lizard
67%
Amphisbaenidae Amphisbaena Bakeri Baker's worm lizard
56%
Amphisbaenidae Amphisbaena Anomala Barbour's worm lizard
56%
Amphisbaenidae Amphisbaena Carvalhoi Carvalho worm lizard
56%
Amphisbaenidae Amphisbaena Cubana Cuban worm lizard
56%
Amphisbaenidae Amphisbaena Xera Dry worm lizard
56%
Rhineuridae Rhineura Floridana Florida worm lizard
56%
Amphisbaenidae Amphisbaena Heathi Heath's worm lizard
56%
Amphisbaenidae Amphisbaena Hogei Hoge's worm lizard
56%
Amphisbaenidae Amphisbaena Kingii King's worm lizard
56%
Amphisbaenidae Chirindia Langi Lang's worm lizard
56%
Amphisbaenidae Cynisca Liberiensis Liberia worm lizard
56%
Amphisbaenidae Amphisbaena Manni Mann's worm lizard
56%
Amphisbaenidae Amphisbaena Mertensii Mertens' worm lizard
56%
Amphisbaenidae Amphisbaena Mitchelli Mitchell's worm lizard
56%
Amphisbaenidae Chirindia Mpwapwaensis Mpwapwa worm lizard
56%
Amphisbaenidae Amphisbaena Munoai Munoa worm lizard
56%
Amphisbaenidae Amphisbaena Neglecta Neglected worm lizard
56%
Amphisbaenidae Amphisbaena Ridleyi Ridley's worm lizard
56%
Amphisbaenidae Amphisbaena Rozei Roze's worm lizard
56%
Amphisbaenidae Amphisbaena Schmidti Schmidt's worm lizard
56%
Amphisbaenidae Amphisbaena Slateri Slater's worm lizard
56%
Amphisbaenidae Amphisbaena Slevini Slevin's worm lizard
56%
Amphisbaenidae Amphisbaena Spurrelli Spurrell's worm lizard
56%
Amphisbaenidae Amphisbaena Stejnegeri Stejneger's worm lizard
56%
Amphisbaenidae Chirindia Swynnertoni Swynnerton's worm lizard
56%
Amphisbaenidae Amphisbaena Vanzolinii Vanzolini's worm lizard
56%
Amphisbaenidae Baikia Africana West African worm lizard
56%
Amphisbaenidae Amphisbaena Occidentalis Western worm lizard
56%
Amphisbaenidae Leposternon Wuchereri Wucherer's worm lizard
56%
Blanidae Blanus Alexandri Alexander's worm lizard
44%
Trogonophidae Agamodon Arabicus Arabian worm lizard
44%
Amphisbaenidae Monopeltis Capensis Cape worm lizard
44%
Amphisbaenidae Monopeltis Decosteri De Coster's worm lizard
44%
Amphisbaenidae Amphisbaena Gonavensis Gonâve worm lizard
44%
Amphisbaenidae Cynisca Haugi Haug's worm lizard
44%
Amphisbaenidae Amphisbaena Innocens Innocent worm lizard
44%
Amphisbaenidae Amphisbaena Silvestrii Silvestri's worm lizard
44%
Amphisbaenidae Leposternon Microcephalum Smallhead worm lizard
44%
Amphisbaenidae Amphisbaena Fuliginosa Speckled worm lizard
44%
Bipedidae Bipes Tridactylus Three-toed worm lizard
44%
Amphisbaenidae Monopeltis Vanderysti Vanderyst worm lizard
44%
Amphisbaenidae Amphisbaena Leucocephala White-headed worm lizard
44%
Trogonophidae Diplometodon Zarudnyi Zarudny's worm lizard
44%
Blanidae Blanus Cinereus Iberian worm lizard
33%
Amphisbaenidae Monopeltis Kabindae Kabinda worm lizard
33%
Blanidae Blanus Mariae Maria's worm lizard
33%
Amphisbaenidae Amphisbaena Pericensis Perico worm lizard
33%
Amphisbaenidae Amphisbaena Caeca Puerto Rican worm lizard
33%
Amphisbaenidae Amphisbaena Angustifrons South American worm lizard
33%
Cadeidae Cadea Blanoides Spotted worm lizard
33%
Amphisbaenidae Leposternon Polystegum Bahia worm lizard
22%
Amphisbaenidae Amphisbaena Hyporissor Barahona worm lizard
22%
Amphisbaenidae Leposternon Infraorbitale Berthold's worm lizard
22%
Amphisbaenidae Amphisbaena Nigricauda Black-headed worm lizard
22%
Amphisbaenidae Cynisca Schaeferi Cameroon worm lizard
22%
Amphisbaenidae Cynisca Oligopholis Cassine River worm lizard
22%
Amphisbaenidae Amphisbaena Caudalis Cayemite long-tailed worm lizard
22%
Amphisbaenidae Amphisbaena Cayemite Cayemite short-tailed worm lizard
22%
Trogonophidae Trogonophis Wiegmanni Checkerboard worm lizard
22%
Amphisbaenidae Cynisca Leucura Coast worm lizard
22%
Amphisbaenidae Amphisbaena Fenestrata Cope's worm lizard
22%
Amphisbaenidae Amphisbaena Camura Crooked worm lizard
22%
Amphisbaenidae Amphisbaena Barbouri Cuban many-ringed worm lizard
22%
Amphisbaenidae Amphisbaena Carlgansi Cuban pink worm lizard
22%
Amphisbaenidae Amphisbaena Darwinii Darwin's ringed worm lizard
22%
Amphisbaenidae Leposternon Octostegum Duméril's worm lizard
22%
Bipedidae Bipes Biporus Five-toed worm lizard
22%
Bipedidae Bipes Canaliculatus Four-toed worm lizard
22%
Amphisbaenidae Cynisca Bifrontalis French Congo worm lizard
22%
Amphisbaenidae Cynisca Kraussi Ghana worm lizard
22%
Amphisbaenidae Amphisbaena Acangaoba Helmeted worm lizard
22%
Amphisbaenidae Monopeltis Galeata Helmeted worm lizard
22%
Amphisbaenidae Mesobaena Huebneri Inirida worm lizard
22%
Amphisbaenidae Zygaspis Quadrifrons Kalahari dwarf worm lizard
22%
Amphisbaenidae Monopeltis Leonhardi Kalahari worm lizard
22%
Amphisbaenidae Ancylocranium Ionidesi Kilwa sharp-snouted worm lizard
22%
Amphisbaenidae Amphisbaena Plumbea Lead worm lizard
22%
Amphisbaenidae Ancylocranium Barkeri Lindi sharp-snouted worm lizard
22%
Amphisbaenidae Cynisca Leonina Los Archipelago worm lizard
22%
Amphisbaenidae Chirindia Ewerbecki Mbanja worm lizard
22%
Blanidae Blanus Mettetali Moroccan worm lizard
22%
Amphisbaenidae Geocalamus Modestus Mpwapwa wedge-snouted worm lizard
22%
Amphisbaenidae Chirindia Rondoensis Nchingidi worm lizard
22%
Amphisbaenidae Amphisbaena Leali Pestel worm lizard
22%
Amphisbaenidae Dalophia Pistillum Pestle-tailed worm lizard
22%
Amphisbaenidae Amphisbaena Prunicolor Plum-colored worm lizard
22%
Amphisbaenidae Amphisbaena Pretrei Rio Grande worm lizard
22%
Amphisbaenidae Leposternon Scutigerum Shielded worm lizard
22%
Amphisbaenidae Cynisca Degrysi Sierra Leone worm lizard
22%
Amphisbaenidae Amphisbaena Gracilis Slender worm lizard
22%
Amphisbaenidae Ancylocranium Somalicum Somali sharp-snouted worm lizard
22%
Amphisbaenidae Loveridgea Phylofiniens Udjiji worm lizard
22%
Amphisbaenidae Cynisca Feae Ugly worm lizard
22%
Amphisbaenidae Amphisbaena Dubia Uncertain worm lizard
22%
Amphisbaenidae Amphisbaena Leeseri Urucum worm lizard
22%
Amphisbaenidae Zygaspis Vandami Van Dam's dwarf worm lizard
22%
Amphisbaenidae Amphisbaena Vermicularis Wagler's worm lizard
22%
Amphisbaenidae Geocalamus Acutus Wedge-snouted worm lizard
22%
Amphisbaenidae Amphisbaena Polygrammica Werner's worm lizard
22%
Trogonophidae Agamodon Anguliceps Angled worm lizard
11%
Amphisbaenidae Monopeltis Anchietae Angolan spade-snouted worm lizard
11%
Amphisbaenidae Monopeltis Scalper Carved worm lizard
11%
Amphisbaenidae Monopeltis Infuscata Dusky worm lizard
11%
Trogonophidae Agamodon Compressus Flat worm lizard
11%
Amphisbaenidae Monopeltis Jugularis Gaboon worm lizard
11%
Amphisbaenidae Monopeltis Adercae Lualaba worm lizard
11%
Amphisbaenidae Monopeltis Sphenorhynchus Maurice's slender worm lizard
11%
Amphisbaenidae Monopeltis Schoutedeni Middle Congo worm lizard
11%
Cadeidae Cadea Palirostrata Sharp-nosed worm lizard
11%
Trogonophidae Pachycalamus Brevis Short worm lizard
11%
Blanidae Blanus Strauchi Turkish worm lizard
11%
Amphisbaenidae Monopeltis Guentheri Western Congo worm lizard
11%
Amphisbaenidae Monopeltis Remaclei Witte's worm lizard
11%
Amphisbaenidae Loveridgea Ionidesii Lilawe round-snouted worm lizard
0%
No matching quizzes found
Score Distribution
Percent of People with Each Score
Percentile by Number Answered
Your Score History
You have not taken this quiz since the last reset